|
|
|
|
| LEADER |
00000cam a22000004a 4500 |
| 001 |
musev2_6973 |
| 003 |
MdBmJHUP |
| 005 |
20230905040816.0 |
| 006 |
m o d |
| 007 |
cr||||||||nn|n |
| 008 |
001220s2001 miu o 00 0 eng d |
| 010 |
|
|
|z 00012881
|
| 020 |
|
|
|a 9781609172183
|
| 020 |
|
|
|z 9780870139727
|
| 020 |
|
|
|z 9780870135699
|
| 035 |
|
|
|a (OCoLC)774285398
|
| 040 |
|
|
|a MdBmJHUP
|c MdBmJHUP
|
| 043 |
|
|
|a nl-----
|a n------
|a n-us---
|
| 050 |
0 |
4 |
|a F551
|b .S53 2001
|
| 082 |
0 |
|
|a 977/.01
|2 21
|
| 245 |
0 |
4 |
|a Sixty Years' War for the Great Lakes, 1754-1814 /
|c edited by David Curtis Skaggs and Larry L. Nelson.
|
| 264 |
|
1 |
|a East Lansing :
|b Michigan State University Press,
|c 2001.
|
| 264 |
|
3 |
|a Baltimore, Md. :
|b Project MUSE,
|c 2012
|
| 264 |
|
4 |
|c ©2001.
|
| 300 |
|
|
|a 1 online resource (448 pages):
|b maps, plans ;
|
| 336 |
|
|
|a text
|b txt
|2 rdacontent
|
| 337 |
|
|
|a computer
|b c
|2 rdamedia
|
| 338 |
|
|
|a online resource
|b cr
|2 rdacarrier
|
| 500 |
|
|
|a Papers from a conference held in Sept. 1998 at Bowling Green State University, Bowling Green, Ohio.
|
| 504 |
|
|
|a Includes bibliographical references and index.
|
| 588 |
|
|
|a Description based on print version record.
|
| 651 |
|
0 |
|a France
|x Colonies
|z America
|x History
|v Congresses.
|
| 651 |
|
0 |
|a Great Britain
|x Colonies
|z America
|x History
|v Congresses.
|
| 651 |
|
0 |
|a United States
|x History
|y War of 1812
|v Congresses.
|
| 651 |
|
0 |
|a United States
|x History
|y Revolution, 1775-1783
|v Congresses.
|
| 651 |
|
0 |
|a United States
|x History
|y French and Indian War, 1755-1763
|v Congresses.
|
| 651 |
|
0 |
|a Great Lakes Region (North America)
|x History, Military
|v Congresses.
|
| 650 |
|
0 |
|a Indians of North America
|x Wars
|z Great Lakes Region (North America)
|v Congresses.
|
| 650 |
|
0 |
|a Indians of North America
|x Wars
|y 1750-1815
|v Congresses.
|
| 655 |
|
7 |
|a Electronic books.
|2 local
|
| 700 |
1 |
|
|a Nelson, Larry L.
|q (Larry Lee),
|d 1950-
|
| 700 |
1 |
|
|a Skaggs, David Curtis.
|
| 710 |
2 |
|
|a Project Muse.
|e distributor
|
| 830 |
|
0 |
|a Book collections on Project MUSE.
|
| 856 |
4 |
0 |
|z Texto completo
|u https://projectmuse.uam.elogim.com/book/6973/
|
| 945 |
|
|
|a Project MUSE - Custom Collection
|
| 945 |
|
|
|a Project MUSE - Archive Complete Foundation
|
| 945 |
|
|
|a Project MUSE - Archive US Regional Studies, New England and Mid Atlantic Foundation
|
| 945 |
|
|
|a Project MUSE - Archive Native American and Indigenous Studies Foundation
|